Red Sox Farm System - Statistics

General Stats
  • This quiz has been taken 37 times
  • The average score is 4 of 5
Answer Stats
Hint Answer % Correct
MLB Boston
100%
AAA Worcester
97%
AA Portland
94%
A Salem
72%
A+ Greenville
69%
No matching quizzes found
Score Distribution
Percent of People with Each Score
Percentile by Number Answered
Your Score History
You have not taken this quiz